000 00283nam a2200109Ia 4500
008 200302s9999 xx 000 0 und d
100 _aFiedrich Von Borris
245 _aTv Towers --- 8559 Meters Politics And Architecture
260 _bErschienen im
260 _c2009
300 _a272 P
999 _c4956
_d4956